|
|
|
|
| LEADER |
01060nam a2200253 a 4500 |
| 001 |
4965164 |
| 008 |
100107s1998 enk b 001 0 eng d |
| 010 |
|
|
|a 97049652
|
| 020 |
|
|
|a 0333650867 (Excluding North America)
|
| 020 |
|
|
|a 0333734580 (pbk. : excluding North America)
|
| 020 |
|
|
|a 0312213514 (North America)
|
| 040 |
|
|
|a DLC
|c DLC
|d DLC
|
| 082 |
0 |
0 |
|a 305.42/0917/671
|2 21
|
| 100 |
1 |
|
|a Jawad, H. A.
|
| 245 |
1 |
4 |
|a The rights of women in Islam :
|b an authentic approach /
|c Haifaa A. Jawad.
|
| 260 |
|
|
|a Houndmills, Basingstoke, Hampshire :
|b Macmillan Press ;
|a New York :
|b St. Martin's Press,
|c 1998.
|
| 300 |
|
|
|a ix, 150 p. ;
|c 23 cm.
|
| 504 |
|
|
|a Includes bibliographical references (p. 138-143) and index.
|
| 541 |
1 |
|
|e 00014662
|
| 650 |
|
0 |
|a Muslim women
|x Social conditions.
|
| 650 |
|
0 |
|a Women in Islam.
|
| 852 |
4 |
|
|a Ayesha Abed Library
|j General shelf
|
| 999 |
|
|
|c 6816
|d 6816
|
| 952 |
|
|
|0 0
|1 0
|2 ddc
|4 0
|6 305_420917671000000_JAW_1998
|7 0
|9 7016
|a BRACUL
|b BRACUL
|c GEN
|d 2010-01-10
|l 8
|m 24
|o 305.420917671 JAW
|p 3010014662
|r 2026-01-14
|s 2025-12-30
|t 1
|w 2010-01-10
|y BK
|